Alle Nationalitäten, die jemals für Mönchengladbach gespielt haben - Statistiken

Allgemein
  • Dieses Quiz wurde 20 mal gespielt
  • Das Durchschnittsergebnis liegt bei 48 aus 64
Antwortstatistiken
Hint Antwort % Korrekt
Europa Dänemark
100%
Europa Deutschland
100%
Europa Griechenland
100%
Europa Polen
100%
Europa Schweiz
100%
Europa Spanien
100%
Europa Albanien
95%
Europa Bosnien-Herzegowina
95%
Europa Bulgarien
95%
Europa Finnland
95%
Europa Frankreich
95%
Europa Irland
95%
Europa Italien
95%
Europa Luxemburg
95%
Europa Norwegen
95%
Europa Österreich
95%
Europa Russland
95%
Europa Schweden
95%
Europa Belgien
89%
Europa Kroatien
89%
Europa Niederlande
89%
Europa Rumänien
89%
Europa Serbien
89%
Europa Tschechien
89%
Europa Ungarn
89%
Afrika Algerien
84%
Europa England
84%
Afrika Ghana
84%
Asien Japan
84%
Afrika Marokko
84%
Europa Portugal
84%
Europa Slowakei
84%
Nordamerika Kanada
79%
Afrika Nigeria
79%
Asien Südkorea
79%
Asien Türkei
79%
Nordamerika Vereinigte Staaten
79%
Südamerika Argentinien
74%
Südamerika Brasilien
74%
Afrika Senegal
74%
Afrika Tunesien
74%
Afrika DR Kongo
68%
Afrika Elfenbeinküste
68%
Asien Israel
68%
Afrika Kongo
68%
Südamerika Venezuela
68%
Ozeanien Australien
63%
Afrika Kamerun
63%
Afrika Mali
63%
Afrika Südafrika
63%
Europa Ukraine
63%
Asien Armenien
58%
Afrika Guinea
58%
Südamerika Paraguay
58%
Afrika Togo
58%
Afrika Guinea-Bissau
53%
Afrika Angola
47%
Nordamerika Jamaika
47%
Asien Syrien
47%
Asien Libanon
42%
Afrika Kap Verde
37%
Asien Indonesien
32%
Nordamerika Guadeloupe
0%
Afrika Reunion
0%
Keine übereinstimmenden Quizze gefunden
Verteilung der Resultate
Anzahl Personen mit jedem Resultat
Perzentil nach korrekt beantworteten Fragen
Ihre Resultats-Entwicklung
Sie haben dieses Quiz noch nicht gespielt